Control Systems Rngineering (Record no. 1200)

MARC details
000 -LEADER
fixed length control field 00328nam a22001457a 4500
041 ## - LANGUAGE CODE
Language code of text/sound track or separate title ENG
100 ## - MAIN ENTRY--PERSONAL NAME
Personal name Nagrath.I.J
245 ## - TITLE STATEMENT
Title Control Systems Rngineering
250 ## - EDITION STATEMENT
Edition statement Third Ed
260 ## - PUBLICATION, DISTRIBUTION, ETC. (IMPRINT)
Place of publication, distribution, etc New Delhi
Name of publisher, distributor, etc New Age International Pub
Date of publication, distribution, etc 2004
300 ## - PHYSICAL DESCRIPTION
Extent 826
650 ## - SUBJECT ADDED ENTRY--TOPICAL TERM
Topical term or geographic name as entry element EOES
700 ## - ADDED ENTRY--PERSONAL NAME
Personal name Gopal.M
856 ## - ELECTRONIC LOCATION AND ACCESS
Uniform Resource Identifier EOES ( 12 )
Holdings
Withdrawn status Lost status Source of classification or shelving scheme Damaged status Not for loan Home library Current library Shelving location Date acquired Cost, normal purchase price Total Checkouts Barcode Date last seen Price effective from Koha item type
    Dewey Decimal Classification     College of Agricultural Engineering and Technology, Dapoli , Library College of Agricultural Engineering and Technology, Dapoli , Library Book Cart 17/09/2021 250.00   003717 17/09/2021 17/09/2021 Books
    Dewey Decimal Classification     College of Agricultural Engineering and Technology, Dapoli , Library College of Agricultural Engineering and Technology, Dapoli , Library Book Cart 17/09/2021 250.00   003718 17/09/2021 17/09/2021 Books

Contact Us: College of Agricultural Engineering and Technology, Dapoli, Dist.- Ratnagiri
Website: https://dbskkv.org Email: caetlibrary2015@gmail.com